"A megtett út biztonsággal tölt el" az ötvenéves komáromi ipari lépést tart a változásokkal

Bibliographic Details
Main Authors: Hernádi, Anna, 1957- (ain), Vetter, János (Author, uin)
Format: Article
Language:Hungarian
PhysicalDescription:Fotogr.
ISSN:1335-6631
Subjects:

MARC

LEADER 00000nab a2200000 a 4500
001 vtls000795123
003 SK-MaSNL
005 20260318114722.0
008 160405c2002 xo 0 hun
015 |a SNBRB2002/05-16995 
035 |a CLN000146778 
040 |a SNKBUCL  |b slo  |c SNKBUCL  |e AACR2 
041 0 |a hun 
044 |a xo  |c SK 
080 |a 373.6(437.6):62  |2 1997 
100 1 |a Hernádi, Anna,  |d 1957-  |4 ain  |9 441094 
245 1 0 |a "A megtett út biztonsággal tölt el"  |b az ötvenéves komáromi ipari lépést tart a változásokkal  |c Hernádi Anna, Vetter János 
300 |b Fotogr. 
610 7 |a Stredná priemyselná škola (Komárno, Slovensko)  |2 snkbucl  |9 35163 
651 7 |a Komárno (Slovensko : okres)  |2 snkbucl  |9 15954 
655 7 |a články z novín a časopisov  |2 snkbucl  |9 267496 
700 1 |a Vetter, János  |4 aut  |4 uin  |9 1279481 
773 0 |x 1335-6631  |t Szabad újság  |g Roč. 10, č. 17 (2002), s. 9 
850 |a Slovenská národná knižnica v Martine 
852 |a SNK  |b KIS3GCP 
958 |a HU 
958 |a SK 
958 |a RBX 
999 |c 3328860  |d 3330790